<?xml version="1.0" encoding="UTF-8"?>
<record
    xmlns:xsi="http://www.w3.org/2001/XMLSchema-instance"
    xsi:schemaLocation="http://www.loc.gov/MARC21/slim http://www.loc.gov/standards/marcxml/schema/MARC21slim.xsd"
    xmlns="http://www.loc.gov/MARC21/slim">

  <leader>00493nam a22001577a 4500</leader>
  <controlfield tag="003">OSt</controlfield>
  <controlfield tag="005">20151207163930.0</controlfield>
  <controlfield tag="008">151207b        xxu||||| |||| 00| 0 eng d</controlfield>
  <datafield tag="040" ind1=" " ind2=" ">
    <subfield code="c">RUA</subfield>
  </datafield>
  <datafield tag="082" ind1=" " ind2=" ">
    <subfield code="a">ATM &#x1798;&#x17BB;&#x17C6; 1991 B189 Or.1</subfield>
  </datafield>
  <datafield tag="100" ind1=" " ind2=" ">
    <subfield code="9">4493</subfield>
    <subfield code="a">&#x1798;&#x17BB;&#x17C6;, &#x179F;&#x17BB;&#x1795;&#x179B;</subfield>
  </datafield>
  <datafield tag="245" ind1=" " ind2=" ">
    <subfield code="a">&#x1780;&#x17B6;&#x179A;&#x1780;&#x17C2;&#x179B;&#x17C6;&#x17A2;&#x179A;&#x1793;&#x1784;&#x17D2;&#x1782;&#x17D0;&#x179B;&#x1790;&#x17B6;&#x179F;&#x17E7;&#x1794;&#x17C6;&#x1796;&#x17B6;&#x1780;&#x17CB;&#x1787;&#x17B6;&#x1798;&#x17BD;&#x1799;&#x178F;&#x17D2;&#x179A;&#x17B6;&#x1780;&#x17CB;&#x1791;&#x17D0;&#x179A;</subfield>
  </datafield>
  <datafield tag="260" ind1=" " ind2=" ">
    <subfield code="a">Phnom Penh</subfield>
    <subfield code="b">RUA</subfield>
    <subfield code="c">1991</subfield>
  </datafield>
  <datafield tag="300" ind1=" " ind2=" ">
    <subfield code="a">52p.</subfield>
    <subfield code="b">ill.</subfield>
    <subfield code="c">29cm.</subfield>
  </datafield>
  <datafield tag="942" ind1=" " ind2=" ">
    <subfield code="2">ddc</subfield>
    <subfield code="c">ATM</subfield>
  </datafield>
  <datafield tag="999" ind1=" " ind2=" ">
    <subfield code="c">4188</subfield>
    <subfield code="d">4188</subfield>
  </datafield>
  <datafield tag="952" ind1=" " ind2=" ">
    <subfield code="0">0</subfield>
    <subfield code="1">0</subfield>
    <subfield code="2">ddc</subfield>
    <subfield code="4">0</subfield>
    <subfield code="6">ATM_&#x1798;&#x17BB;&#x17C6;_1991_000000000000000_B189_OR_1</subfield>
    <subfield code="7">0</subfield>
    <subfield code="9">21116</subfield>
    <subfield code="a">LBB</subfield>
    <subfield code="b">LBB</subfield>
    <subfield code="d">2015-12-07</subfield>
    <subfield code="l">1</subfield>
    <subfield code="o">ATM &#x1798;&#x17BB;&#x17C6; 1991 B189 Or.1</subfield>
    <subfield code="p">RUA44808</subfield>
    <subfield code="r">2016-02-04</subfield>
    <subfield code="s">2016-01-23</subfield>
    <subfield code="w">2015-12-07</subfield>
    <subfield code="y">ATM</subfield>
  </datafield>
  <datafield tag="952" ind1=" " ind2=" ">
    <subfield code="0">0</subfield>
    <subfield code="1">0</subfield>
    <subfield code="2">ddc</subfield>
    <subfield code="4">0</subfield>
    <subfield code="6">ATM_&#x1798;&#x17BB;&#x17C6;_1991_000000000000000_B189_OR_2</subfield>
    <subfield code="7">0</subfield>
    <subfield code="9">21117</subfield>
    <subfield code="a">LBB</subfield>
    <subfield code="b">LBB</subfield>
    <subfield code="d">2015-12-07</subfield>
    <subfield code="o">ATM &#x1798;&#x17BB;&#x17C6; 1991 B189 Or.2</subfield>
    <subfield code="p">RUA41097</subfield>
    <subfield code="r">2015-12-07</subfield>
    <subfield code="w">2015-12-07</subfield>
    <subfield code="y">ATM</subfield>
  </datafield>
  <datafield tag="952" ind1=" " ind2=" ">
    <subfield code="0">0</subfield>
    <subfield code="1">0</subfield>
    <subfield code="2">ddc</subfield>
    <subfield code="4">0</subfield>
    <subfield code="6">ATM_&#x1798;&#x17BB;&#x17C6;_1991_000000000000000_B189_OR_3</subfield>
    <subfield code="7">0</subfield>
    <subfield code="9">21118</subfield>
    <subfield code="a">LBB</subfield>
    <subfield code="b">LBB</subfield>
    <subfield code="d">2015-12-07</subfield>
    <subfield code="o">ATM &#x1798;&#x17BB;&#x17C6; 1991 B189 Or.3</subfield>
    <subfield code="p">RUA44493</subfield>
    <subfield code="r">2015-12-07</subfield>
    <subfield code="w">2015-12-07</subfield>
    <subfield code="y">ATM</subfield>
  </datafield>
  <datafield tag="952" ind1=" " ind2=" ">
    <subfield code="0">0</subfield>
    <subfield code="1">0</subfield>
    <subfield code="2">ddc</subfield>
    <subfield code="4">0</subfield>
    <subfield code="6">ATM_&#x1798;&#x17BB;&#x17C6;_1991_000000000000000_B189_OR_4</subfield>
    <subfield code="7">0</subfield>
    <subfield code="9">21119</subfield>
    <subfield code="a">LBB</subfield>
    <subfield code="b">LBB</subfield>
    <subfield code="d">2015-12-07</subfield>
    <subfield code="o">ATM &#x1798;&#x17BB;&#x17C6; 1991 B189 Or.4</subfield>
    <subfield code="p">RUA44460</subfield>
    <subfield code="r">2015-12-07</subfield>
    <subfield code="w">2015-12-07</subfield>
    <subfield code="y">ATM</subfield>
  </datafield>
  <datafield tag="952" ind1=" " ind2=" ">
    <subfield code="0">0</subfield>
    <subfield code="1">0</subfield>
    <subfield code="2">ddc</subfield>
    <subfield code="4">0</subfield>
    <subfield code="6">ATM_&#x1798;&#x17BB;&#x17C6;_1991_000000000000000_B189_OR_5</subfield>
    <subfield code="7">0</subfield>
    <subfield code="9">21120</subfield>
    <subfield code="a">LBB</subfield>
    <subfield code="b">LBB</subfield>
    <subfield code="d">2015-12-07</subfield>
    <subfield code="o">ATM &#x1798;&#x17BB;&#x17C6; 1991 B189 Or.5</subfield>
    <subfield code="p">RUA44260</subfield>
    <subfield code="r">2015-12-07</subfield>
    <subfield code="w">2015-12-07</subfield>
    <subfield code="y">ATM</subfield>
  </datafield>
  <datafield tag="952" ind1=" " ind2=" ">
    <subfield code="0">0</subfield>
    <subfield code="1">0</subfield>
    <subfield code="2">ddc</subfield>
    <subfield code="4">0</subfield>
    <subfield code="6">ATM_&#x1798;&#x17BB;&#x17C6;_1991_000000000000000_B189_OR_6</subfield>
    <subfield code="7">0</subfield>
    <subfield code="9">21121</subfield>
    <subfield code="a">LBB</subfield>
    <subfield code="b">LBB</subfield>
    <subfield code="d">2015-12-07</subfield>
    <subfield code="l">1</subfield>
    <subfield code="o">ATM &#x1798;&#x17BB;&#x17C6; 1991 B189 Or.6</subfield>
    <subfield code="p">RUA41022</subfield>
    <subfield code="r">2016-12-07</subfield>
    <subfield code="s">2016-08-01</subfield>
    <subfield code="w">2015-12-07</subfield>
    <subfield code="y">ATM</subfield>
  </datafield>
  <datafield tag="952" ind1=" " ind2=" ">
    <subfield code="0">0</subfield>
    <subfield code="1">0</subfield>
    <subfield code="2">ddc</subfield>
    <subfield code="4">0</subfield>
    <subfield code="6">ATM_&#x1798;&#x17BB;&#x17C6;_1991_000000000000000_B189_OR_7</subfield>
    <subfield code="7">0</subfield>
    <subfield code="9">21122</subfield>
    <subfield code="a">LBB</subfield>
    <subfield code="b">LBB</subfield>
    <subfield code="d">2015-12-07</subfield>
    <subfield code="o">ATM &#x1798;&#x17BB;&#x17C6; 1991 B189 Or.7</subfield>
    <subfield code="p">RUA44064</subfield>
    <subfield code="r">2015-12-07</subfield>
    <subfield code="w">2015-12-07</subfield>
    <subfield code="y">ATM</subfield>
  </datafield>
</record>
